แสดงรายละเอียดบรรณานุกรม
  กลับหน้าหลัก

Brief Record : Get Marc (ISO 2709) : E-mail record : QR code ปิดหน้าต่าง
LEADER 00000nam 2200000uu 4500
008    120207s2553||||th 000 0 tha d
040    ^abcnkk.
041 0  ^atha^beng
060  0 ^aวพ WL 346 ส831ร 2553.
100 0  ^aสุพัตรา อยู่สุข.
245 10 ^aรายงานวิทยานิพนธ์ เรื่อง กระบวนการจัดการผลลัพธ์ในผู้ป่วยชายที่มีอัมพาตครึ่งล่างโรงพยาบาลตติยภูมิแห่งหนึ่ง /^bสุพัตรา อยู่สุข
246 15 ^aOutcome management process for male paraplegia in atertiary hospital
260    ^aขอนแก่น :^bมหาวิทยาลัยขอนแก่น,^c2553.
300    ^a[ก]-ซ, 373 หน้า;^bภาพประกอบ
502    ^aวิทยานิพนธ์ (ปร.ด)--สาขาวิชาการพยาบาล บัณฑิตวิทยาลัยมหาวิทยาลัยขอนแก่น, 2553
650  7 ^aอัมพาตครึ่งล่าง^xการรักษา
650  7 ^aอัมพาตครึ่งล่าง^xการพยาบาล
650  7 ^aการพยาบาล
650  7 ^aดุษฎีนิพนธ์
650  0 ^aวิทยานิพนธ์.
710 2  ^aมหาวิทยาลัยขอนแก่น.^bบัณฑิตวิทยาลัย.^bสาขาวิชาการพยาบาล
995    วพ
999    ^aใช้งานได้ทุกระบบ
รายการนี้ยังไม่มีแท็ก
คุณยังไม่ได้ล็อกอิน คุณสามารถมีกิจกรรมร่วมกับเว็บไซต์ได้ แต่ต้องล็อกอินก่อน ::
  ล็อกอิน
ลำดับที่ ประเภท เลขเรียก สถานที่ สถานะ
1. วิทยานิพนธ์
วิทยานิพนธ์
วพ WL 346 ส831ร 2553.  
  
หนังสือทั่วไป On Shelf
  ขอยืม
   [แสดง 1/1 รายการ]

รายการใกล้เคียง
    หัวเรื่อง [การพยาบาล]
    หัวเรื่อง [ดุษฎีนิพนธ์]
    หัวเรื่อง [วิทยานิพนธ์.]

BibComment


ยังไม่เคยถูกคอมเมนท์

คอมเมนท์ทรัพยากรรายการนี้
  คอมเมนท์: รายงานวิทยานิพนธ..
Bib 207003

 
 
 

 Union Library Management : ULibM
Copyright 2026. All Rights Reserved.
скачать бесплатно без регистрации порно красивый секс HD Sex Hindi sex

xxx gou

xxxx

bfxxx

xxxwww

Секса Видео

xxxx

Секса Видео

detube

geilexxx

C99 Shell

worms shell

blod xxx video
Ebony Coed Rihanna Rimes Takes A Dick In Her Young Twat priyaa indian fuck anal and pusssy hardcore indian women xxx desi hardcore fucking part 1 bengalixxxcouple